[Event "FRA-chT1A 0809"]
[Site "France"]
[Date "2009.03.15"]
[Round "9.7"]
[White "Dia, Hussein"]
[Black "Nass, Emile"]
[Result "1/2-1/2"]
[WhiteElo "1950"]
[BlackElo "2162"]
[PlyCount "54"]
[EventDate "2008.10.19"]
[EventType "team-tourn"]
[EventRounds "11"]
[EventCountry "FRA"]
[SourceTitle "EXT 2010"]
[Source "ChessBase"]
[SourceDate "2010.11.25"]
[SourceVersion "1"]
[SourceVersionDate "2010.11.25"]
[SourceQuality "1"]
[WhiteTeam "Toulouse"]
[BlackTeam "Mulhouse II"]
[WhiteTeamCountry "FRA"]
[BlackTeamCountry "FRA"]

1. e4 e6 2. d4 d5 3. Nc3 Nf6 4. Bd3 c5 5. Nf3 Nc6 6. exd5 exd5 7. 0-0 c4 8. Re1+ Be7 9. Bf1 Bg4 10. Be3 0-0 11. h3 Bh5 12. Be2 Re8 13. Ne5 Bxe2 14. Qxe2 Bd6 15. f4 Bb4 16. Rf1 Bxc3 17. bxc3 Ne4 18. Qh5 g6 19. Qh6 f5 20. g4 Qf6 21. Rab1 Re7 22. Kh2 Nxc3 23. Rbe1 Ne4 24. gxf5 Qxf5 25. Rg1 Rg7 26. Ref1 Nd8 27. Qh4 Nf7 1/2-1/2

[Event "FRA-chT1A 0809"]
[Site "France"]
[Date "2008.12.14"]
[Round "5.7"]
[White "Dia, Hussein"]
[Black "Vesin, Jean Robert"]
[Result "0-1"]
[WhiteElo "1946"]
[BlackElo "2247"]
[PlyCount "116"]
[EventDate "2008.10.19"]
[EventType "team-tourn"]
[EventRounds "11"]
[EventCountry "FRA"]
[SourceTitle "EXT 2010"]
[Source "ChessBase"]
[SourceDate "2010.11.25"]
[SourceVersion "1"]
[SourceVersionDate "2010.11.25"]
[SourceQuality "1"]
[WhiteTeam "Toulouse"]
[BlackTeam "Besancon TPG"]
[WhiteTeamCountry "FRA"]
[BlackTeamCountry "FRA"]

1. e4 g6 2. d4 Bg7 3. Nf3 c5 4. c3 cxd4 5. cxd4 d5 6. e5 Bg4 7. Be2 Nc6 8. Nbd2 Nh6 9. h3 Bxf3 10. Nxf3 Qb6 11. Bxh6 Bxh6 12. 0-0 0-0 13. Qa4 Rfc8 14. Rab1 e6 15. Rfd1 Rc7 16. Nh2 Rac8 17. Ng4 Bg7 18. a3 a6 19. Rd2 Qa7 20. Rc1 b5 21. Qd1 Nxd4 22. Rxc7 Nxe2+ 23. Qxe2 Qxc7 24. Qe3 Qd8 25. f4 Rc4 26. g3 Qc7 27. Qd3 Qc5+ 28. Ne3 Rc1+ 29. Kg2 Bf8 30. Rc2 Rxc2+ 31. Nxc2 Qc4 32. Ne1 Bc5 33. Kf3 Qc1 34. Qe2 h5 35. Nd3 Qh1+ 36. Qg2 Qxg2+ 37. Kxg2 Bd4 38. Kf3 a5 39. b3 a4 40. bxa4 bxa4 41. g4 hxg4+ 42. hxg4 Kf8 43. f5 g5 44. fxe6 fxe6 45. Ke2 Ke7 46. Kd2 Kd7 47. Kc2 Kc6 48. Nb4+ Kb5 49. Nd3 Kc4 50. Kd2 Kb3 51. Kd1 Kxa3 52. Kc2 Bb6 53. Kc3 Be3 54. Ne1 Ka2 55. Nd3 Kb1 56. Ne1 a3 57. Nc2 Bc5 58. Kb3 a2 0-1

[Event "FRA-chT1A 0809"]
[Site "France"]
[Date "2008.11.08"]
[Round "2.7"]
[White "Brih, Touatia"]
[Black "Dia, Hussein"]
[Result "1/2-1/2"]
[WhiteElo "1951"]
[BlackElo "1946"]
[PlyCount "105"]
[EventDate "2008.10.19"]
[EventType "team-tourn"]
[EventRounds "11"]
[EventCountry "FRA"]
[SourceTitle "EXT 2010"]
[Source "ChessBase"]
[SourceDate "2010.11.25"]
[SourceVersion "1"]
[SourceVersionDate "2010.11.25"]
[SourceQuality "1"]
[WhiteTeam "Nice"]
[BlackTeam "Toulouse"]
[WhiteTeamCountry "FRA"]
[BlackTeamCountry "FRA"]

1. Nf3 Nf6 2. d4 e6 3. g3 d5 4. Bg2 Be7 5. 0-0 0-0 6. c3 Nbd7 7. Re1 b6 8. a4 c5 9. Nbd2 Bb7 10. a5 Qc7 11. Nb3 e5 12. dxe5 Nxe5 13. Nxe5 Qxe5 14. Bf4 Qe6 15. Bg5 Rfd8 16. Qc2 h6 17. Bxf6 Bxf6 18. e4 dxe4 19. Bxe4 Bxe4 20. Rxe4 Qd5 21. Rae1 Rac8 22. axb6 axb6 23. Nc1 g6 24. Ne2 Qa2 25. Nf4 b5 26. R4e2 Kg7 27. Qe4 Qa8 28. Qe3 Qa5 29. h4 b4 30. c4 Qa6 31. Nd5 Bd4 32. Qc1 Qd6 33. h5 Qxg3+ 34. Kf1 Qh3+ 35. Kg1 Qxh5 36. Nf4 Qg5+ 37. Kf1 Rc6 38. Re7 Rf6 39. Ne6+ Rxe6 40. Qxg5 hxg5 41. R1xe6 Bxb2 42. Rc6 Rd4 43. Rxc5 Rf4 44. Rc8 g4 45. Kg2 Bf6 46. Re3 Bd4 47. Re2 b3 48. Rb8 b2 49. c5 Bxc5 50. Rbxb2 f5 51. Rbc2 Bb6 52. Rc6 Bd4 53. Rd6 1/2-1/2

[Event "FRA-chT1B 0708"]
[Site "France"]
[Date "2008.03.15"]
[Round "8.8"]
[White "L'Huillier, Robin"]
[Black "Dia, Hussein"]
[Result "1/2-1/2"]
[WhiteElo "1911"]
[BlackElo "1910"]
[PlyCount "72"]
[EventDate "2007.10.21"]
[EventType "team"]
[EventRounds "11"]
[EventCountry "FRA"]
[SourceTitle "EXT 2009"]
[Source "ChessBase"]
[SourceDate "2008.11.26"]
[SourceVersion "1"]
[SourceVersionDate "2008.11.26"]
[SourceQuality "1"]
[WhiteTeam "Creteil"]
[BlackTeam "Toulouse"]
[WhiteTeamCountry "FRA"]
[BlackTeamCountry "FRA"]

1. e4 d5 2. exd5 Qxd5 3. Nc3 Qa5 4. d4 Nf6 5. Bc4 Bf5 6. Nf3 e6 7. 0-0 Bb4 8. Bd2 c6 9. a3 Bxc3 10. Bxc3 Qc7 11. Re1 0-0 12. Nh4 Be4 13. f3 Bd5 14. Bxd5 Nxd5 15. Qd2 Nxc3 16. bxc3 Nd7 17. f4 Qa5 18. Nf3 Nb6 19. Qd3 c5 20. Ng5 f5 21. Nxe6 c4 22. Qg3 Rf7 23. Re5 Qa4 24. Nc5 Qxc2 25. Rae1 Na4 26. Qe3 Nxc5 27. Rxc5 Qa4 28. Qe6 b5 29. Rxf5 Raf8 30. Rxf7 Rxf7 31. Qd5 g6 32. Re7 Qd1+ 33. Kf2 Qd2+ 34. Kg3 Qxf4+ 35. Kh3 Qh6+ 36. Kg3 Qf4+ 1/2-1/2

[Event "Condom op"]
[Site "Condom"]
[Date "2008.??.??"]
[Round "2"]
[White "Forgues, Fabien"]
[Black "Dia, Hussein"]
[Result "1-0"]
[WhiteElo "2187"]
[BlackElo "1910"]
[PlyCount "55"]
[EventDate "2008.07.12"]
[EventType "swiss"]
[EventRounds "9"]
[EventCountry "FRA"]
[SourceTitle "EXT 2009"]
[Source "ChessBase"]
[SourceDate "2008.11.26"]
[SourceVersion "1"]
[SourceVersionDate "2008.11.26"]
[SourceQuality "1"]

1. e4 d5 2. exd5 Qxd5 3. Nc3 Qa5 4. Bc4 Nf6 5. d3 Bg4 6. f3 Bh5 7. Bd2 c6 8. Nge2 Qb6 9. Nf4 Bg6 10. Qe2 Nbd7 11. 0-0-0 0-0-0 12. Nxg6 fxg6 13. f4 e6 14. Qxe6 Re8 15. Qh3 Bd6 16. Rde1 Qc7 17. g3 Kb8 18. Ne4 Be7 19. Ng5 Nc5 20. d4 Na4 21. Bb3 b5 22. Qg2 Qd6 23. c3 Nxb2 24. Kxb2 Qa3+ 25. Ka1 Kb7 26. Re6 Rc8 27. Bc1 Qa5 28. Rxe7+ 1-0